Deleveraging the commercial real estate market (Record no. 109221)

MARC details
000 -LEADER
fixed length control field 01788cad a22002175a 4500
001 - CONTROL NUMBER
control field L146572
008 - FIXED-LENGTH DATA ELEMENTS--GENERAL INFORMATION
fixed length control field 090204s2008 xxkd f s 000 0 eng d
035 ## - SYSTEM CONTROL NUMBER
System control number (Sirsi) u146572
041 0# - LANGUAGE CODE
Language code of text/sound track or separate title eng
050 04 - LIBRARY OF CONGRESS CALL NUMBER
Classification number 333.33 $2 18
110 2# - MAIN ENTRY--CORPORATE NAME
Corporate name or jurisdiction name as entry element Pramerica Real Estate Investors (PREI)
245 00 - TITLE STATEMENT
Title Deleveraging the commercial real estate market
Medium [electronic resource]
260 ## - PUBLICATION, DISTRIBUTION, ETC.
Place of publication, distribution, etc. Parsipanny, NJ
Name of publisher, distributor, etc. Pramerica Real Estate Investors
Date of publication, distribution, etc. 2008
505 2# - FORMATTED CONTENTS NOTE
Formatted contents note End of an era -- Mortgage pie to shrink -- Historical analysis -- New capital sources needed -- Deleveraging to impact real estate -- Important disclosures
520 ## - SUMMARY, ETC.
Summary, etc. Report looks at the need for the US commercial real estate market to deleverage, after an unprecedented and arguably unwise ballooning of the mortgage market between 2003 and 2008. Provides a historical analysis of the problem and suggests that new sources of capital will be vital as less money is available from traditional lenders seeking to reduce their amounts of debt and stabilise capital. The authors state that the slowing of the real estate market will have a further adverse effect upon the US economy as a whole and that the sudden change to a risk-averse lending climate will cause difficulties for businesses seeking to refinance loans. The report closes by saying that there will be opportunities in the current market for those with available capital to buy assets from overleveraged firms in the event that refinancing is not an option. Caution is advised, specifically with regard to the pricing of risk.
521 ## - TARGET AUDIENCE NOTE
Target audience note Advanced
590 ## - LOCAL NOTE (RLIN)
Local note KA NTK
651 #4 - SUBJECT ADDED ENTRY--GEOGRAPHIC NAME
Geographic name United States
Chronological subdivision 1959-
856 40 - ELECTRONIC LOCATION AND ACCESS
Uniform Resource Identifier <a href="https://www.whopru.prudential.com/wp/media/Prudential_CREI_Dec08.pdf">https://www.whopru.prudential.com/wp/media/Prudential_CREI_Dec08.pdf</a>
Public note View the item free of charge online at www.prudential.com website
942 ## - ADDED ENTRY ELEMENTS (KOHA)
Suppress in OPAC 0
Holdings
Withdrawn status Lost status Source of classification or shelving scheme Damaged status Not for loan Home library Current library Shelving location Date acquired Total Checkouts Full call number Barcode Date last seen Copy number Price effective from Koha item type
    Dewey Decimal Classification     Virtual Virtual Online 04/02/2009   ONLINE PUBLICATION 146572-1001 06/08/2019 1 06/08/2019 Book